Catalog

Record Details

Catalog Search



Don't spill the beans. (WT. 650.1 g) Cover Image Equipment, games, toys Equipment, games, toys

Don't spill the beans. (WT. 650.1 g)

Hasbro, Inc., (publisher.).

Summary:

Drop the beans into the pot as it wobbles to and fro, but don't spill the beans or the game is over! For two to four players.

Record details

  • Physical Description: 1 game (1 bean pot, 1 lid, 2 hands, 1 base, 64 beans, 1 instruction sheet) : color plastic ; [2016]
  • Publisher: Pawtucket, R.I. : Hasbro Gaming, [2016]

Content descriptions

General Note:
Warning: choking hazard, small parts.
For 2 to 4 players.
Target Audience Note:
Ages 3+.
Subject: Eye-hand coordination.
Genre: Board games.
Puzzles and games.
Realia

Available copies

  • 1 of 1 copy available at scottsboropl.

Holds

  • 0 current holds with 1 total copy.
Show Only Available Copies
Location Call Number / Copy Notes Barcode Shelving Location Status Due Date
scottsboropl J REA Don 32269001217374 Juvenile - Games Available -

LDR 01421crm a2200373 i 4500
001161496
003SBPL
00520230810121833.0
008190425s2016 riunnn gneng d
0241 . ‡a630509496686
035 . ‡a(OCoLC)1099181093
24500. ‡aDon't spill the beans. (WT. 650.1 g)
264 1. ‡aPawtucket, R.I. : ‡bHasbro Gaming, ‡c[2016]
300 . ‡a1 game (1 bean pot, 1 lid, 2 hands, 1 base, 64 beans, 1 instruction sheet) : ‡bcolor plastic ; ‡c[2016]
336 . ‡athree-dimensional form ‡btdf ‡2rdacontent
337 . ‡aunmediated ‡bn ‡2rdamedia
338 . ‡aobject ‡bnr ‡2rdacarrier
500 . ‡aWarning: choking hazard, small parts.
500 . ‡aFor 2 to 4 players.
520 . ‡aDrop the beans into the pot as it wobbles to and fro, but don't spill the beans or the game is over! For two to four players.
521 . ‡aAges 3+.
650 0. ‡aEye-hand coordination.
655 7. ‡aBoard games. ‡2lcgft
655 7. ‡aPuzzles and games. ‡2lcgft
6550 . ‡aRealia
7102 . ‡aHasbro, Inc., ‡epublisher.
901 . ‡a161496 ‡bAUTOGEN ‡c161496 ‡tbiblio

Additional Resources